00301nam a2200121Ia 4500008004100000100001800041245003200059260003700091300000900128650001800137942000700155999001700162190216s9999||||xx |||||||||||||| ||und|| aJoseph Conrad 4aThe Nigger Of The Narcissus bUniversity Of London Pressc1960 a182p aEnglish Drama cBK c12067d12067